Normal view
MARC view
- قباني، نزار؛ دراسة وتقديم محمود عبد الحميد مصطفى؛ التنفيذ الفني محمد أحمد؛ الإشراف الفني إسلام محسن؛ الإشراف العام علي نور الدين
Entry Personal Name
001 - CONTROL NUMBER
- control field: 11610
003 - CONTROL NUMBER IDENTIFIER
- control field: JO-AjAnu
005 - DATE AND TIME OF LATEST TRANSACTION
- control field: 20230606072149.0
008 - FIXED-LENGTH DATA ELEMENTS
- fixed length control field: 230606|| aca||aabn | a|a d
040 ## - CATALOGING SOURCE
- Original cataloging agency: JO-AjAnu
- Transcribing agency: JO-AjAnu
100 ## - HEADING--PERSONAL NAME
- Personal name: قباني، نزار؛ دراسة وتقديم محمود عبد الحميد مصطفى؛ التنفيذ الفني محمد أحمد؛ الإشراف الفني إسلام محسن؛ الإشراف العام علي نور الدين
670 ## - SOURCE DATA FOUND
- Source citation: Work cat.: (JO-AjAnu)5981: قباني، نزار؛ دراسة وتقديم محمود عبد الحميد مصطفى؛ التنفيذ الفني محمد أحمد؛ الإشراف الفني إسلام محسن؛ الإشراف العام علي نور الدين, author, نزار قباني: الأعمال الكاملة